Papes ayant eu les pontificats les plus courts - Statistiques

Statistiques générales
  • Ce quiz a été pris 10 fois
  • Le résultat moyen est 14 sur 46
Statistiques - réponses
Durée du pontificat Période Pape % Correct
264 jours 336 Marc
67%
53 jours 1045 Benoit IX
56%
252 jours 1047-1048 Benoit IX
56%
33 jours 964 Benoit V
56%
317 jours 684-685 Benoit II
44%
260 jours 1303-1304 Benoit XI
44%
227 jours 816-817 Etienne IV
44%
234 jours 1045-1046 Grégoire VI
44%
58 jours 1187 Grégoire VIII
44%
34 jours 1978 Jean-Paul 1er
44%
27 jours 1503 Pie III
44%
3 mois 897 Romain
44%
39 jours 1276 Adrien V
33%
165 jours 1143-1144 Célestin II
33%
17 jours 1241 Célestin IV
33%
162 jours 1294 Célestin V
33%
290 jours 1046-1047 Clément II
33%
24 jours 1048-1049 Damase II
33%
240 jours 1057-1058 Etienne IX
33%
63 jours 1591-1592 Innocent IX
33%
154 jours 1276 Innocent V
33%
175 jours 1003 Jean XVII
33%
2 mois 903-904 Léon V
33%
27 jours 1605 Léon XI
33%
22 jours 1555 Marcel II
33%
21 jours 897 Théodore II
33%
13 jours 1590 Urbain VII
33%
40 jours 827 Valentin
33%
44 jours 235 Antère
22%
16 jours 896 Boniface VI
22%
122 jours 309 Eusèbe
22%
316 jours 1590-1591 Grégoire XIV
22%
255 jours 1276-1277 Jean XXI
22%
214 jours 914 Landon
22%
321 jours 682-683 Léon II
22%
67 jours 640 Séverin
22%
21 jours 708 Sisinnius
22%
342 jours 257-258 Sixte II
22%
57 jours 1045 Sylvestre III
22%
267 jours 607 Boniface III
11%
336 jours 686-687 Conon
11%
341 jours 1144-1145 Lucius II
11%
277 jours 536-537 Silvère
11%
346 jours 535-536 Agapet 1er
0%
254 jours 253-254 Lucius 1er
0%
235 jours 308-309 Marcel 1er
0%
Aucun quiz correspondant
Distribution des résultats
% des personnes avec chaque résultat
Percentile par nombre de réponses
Votre historique - résultats
Vous n’avez pas pris ce quiz